| 000 | 00698nam a2200229Ia 4500 | ||
|---|---|---|---|
| 003 | OSt | ||
| 005 | 20231007111207.0 | ||
| 008 | 210716s1992 xx 000 0 und d | ||
| 040 | _cAIMIT LIBRARY | ||
| 041 | _aeng | ||
| 082 |
_a374.22 BULC _21 _bBULC |
||
| 100 |
_aBull, chris. _9136609 |
||
| 245 |
_aDoing business in the European community / _cBy Bull Chres. |
||
| 250 | _a1st ed. | ||
| 260 |
_aU S A : _bPrice waterhouse , _c1992. |
||
| 300 |
_a153p. ; _bPB _c22.8 cm |
||
| 650 |
_aGeneral Management _9136610 |
||
| 651 |
_aFour goals of the single market _9136611 |
||
| 651 |
_aExporting to the EC _9136612 |
||
| 651 |
_aEC legislative process _9136613 |
||
| 942 |
_2ddc _cBK _e1st _k374.22 BULC |
||
| 999 |
_c198412 _d198412 |
||